| 000 | 02389nam0a2200397 4500 | ||
|---|---|---|---|
| 001 | RU\NLR\BIBL_A\022094722 | ||
| 005 | 20231221132203.0 | ||
| 010 |
_a978-5-89822-804-0 _9500 |
||
| 021 |
_aRU _bКН-П-23-070959 _9КН-П-23-7198 |
||
| 035 | _a(NLR Aleph) 022094722 | ||
| 090 |
_a12727703 _c12727703 |
||
| 100 | _a20231212d2023 k y0rusy50 ca | ||
| 101 | 0 | _arus | |
| 102 | _aRU | ||
| 105 | _ay|||z|||000yy | ||
| 181 | 0 |
_ai3 _baxxe |
|
| 182 | 0 | _an | |
| 200 | 1 |
_aИнфекционные заболевания в практике врача-стоматолога _eмонография _fд.м.н., профессор Караков Карен Григорьевич, к.м.н., доцент Мажаров Виктор Николаевич, к.м.н., профессор Гандылян Кристина Семеновна [и др.] _gпод ред. профессора К. Г. Каракова _gФедеральное государственное бюджетное образовательное учреждение высшего образования "Ставропольский государственный медицинский университет" Министерства здравоохранения Российской Федерации |
|
| 203 |
_aТекст _bвизуальный _cнепосредственный |
||
| 210 |
_aСтаврополь _cИзд-во СтГМУ _d2023 |
||
| 215 |
_a171 с. _cтабл. _d21 |
||
| 300 | _aАвт. указаны на обороте тит. с. | ||
| 320 | _aБиблиогр.: с. 165-171 (110 назв.) | ||
| 606 | 1 |
_aИнфекционные болезни _2nlr_sh1 _2nlr_sh2 _3RU\NLR\AUTH\6611173 |
|
| 606 | 1 |
_aКорневые каналы зубов _xМикрофлора _2nlr_sh1 _2nlr_sh2 _3RU\NLR\AUTH\66459261 |
|
| 686 | 1 | _aР264.862 | |
| 686 | 1 | _aР514 | |
| 701 | 1 |
_aКараков _bК. Г. _f1964- _gКарен Григорьевич |
|
| 701 | 1 |
_aМажаров _bВ. Н. _gВиктор Николаевич |
|
| 701 | 1 |
_aГандылян _bК. С. _gКристина Семеновна |
|
| 712 | 0 | 2 |
_aСтавропольский государственный медицинский университет _3RU\NLR\AUTH\880357643 _4475 |
| 942 | _cBOOK | ||
| 980 | _aNB | ||